[Event "Kibizov Memorial 2018"]
[Site "?"]
[Date "2018.06.25"]
[Round "5.10"]
[White "Vaseptsov, Maxim"]
[Black "Matsenko, Andrei"]
[Result "0-1"]
[BlackElo "2299"]
[WhiteElo "2256"]
[LiveChessVersion "1.4.8"]

1. Nf3 {[%clk 1:30:00]} Nf6 {[%clk 1:30:58]} 2. c4 {[%clk 1:29:53]} c5
{[%clk 1:31:24]} 3. b3 {[%clk 1:27:57]} b6 {[%clk 1:29:49]} 4. Bb2
{[%clk 1:24:36]} Bb7 {[%clk 1:30:12]} 5. e3 {[%clk 1:23:16]} e6 {[%clk 1:27:59]}
6. Nc3 {[%clk 1:19:15]} Be7 {[%clk 1:28:03]} 7. d4 {[%clk 1:14:26]} cxd4
{[%clk 1:25:50]} 8. Nxd4 {[%clk 0:57:04]} O-O {[%clk 1:24:49]} 9. Bd3
{[%clk 0:55:57]} d6 {[%clk 1:11:20]} 10. e4 {[%clk 0:48:37]} Nbd7
{[%clk 1:09:56]} 11. O-O {[%clk 0:46:11]} Nc5 {[%clk 1:06:57]} 12. Re1
{[%clk 0:45:54]} Re8 {[%clk 1:06:49]} 13. Bc2 {[%clk 0:41:11]} a6
{[%clk 1:01:54]} 14. f4 {[%clk 0:35:33]} Qc7 {[%clk 0:58:30]} 15. Rc1
{[%clk 0:25:46]} Rad8 {[%clk 0:52:30]} 16. Qe2 {[%clk 0:21:32]} Ncd7
{[%clk 0:46:52]} 17. Nf3 {[%clk 0:15:46]} Nf8 {[%clk 0:45:27]} 18. Ng5
{[%clk 0:12:57]} Ng6 {[%clk 0:43:29]} 19. Rf1 {[%clk 0:10:31]} Nxf4
{[%clk 0:41:47]} 20. Rxf4 {[%clk 0:10:24]} Qc5+ {[%clk 0:42:02]} 21. Kh1
{[%clk 0:10:01]} Qxg5 {[%clk 0:42:27]} 22. Rcf1 {[%clk 0:09:35]} Rf8
{[%clk 0:27:41]} 23. Nd1 {[%clk 0:05:33]} Bc8 {[%clk 0:15:38]} 24. Ne3
{[%clk 0:02:44]} e5 {[%clk 0:14:05]} 25. Rxf6 {[%clk 0:02:42]} Bxf6
{[%clk 0:14:16]} 26. Nd5 {[%clk 0:02:37]} Kh8 {[%clk 0:10:54]} 27. Nxb6
{[%clk 0:01:25]} Be6 {[%clk 0:10:05]} 28. Bc1 {[%clk 0:01:21]} Qg6
{[%clk 0:10:10]} 29. Qf2 {[%clk 0:01:05]} Bg5 {[%clk 0:10:13]} 30. Ba3
{[%clk 0:01:08]} Qh6 {[%clk 0:09:48]} 31. Nd5 {[%clk 0:01:36]} Bxd5
{[%clk 0:09:50]} 32. cxd5 {[%clk 0:00:42]} Rc8 {[%clk 0:09:38]} 33. Bd3
{[%clk 0:01:07]} a5 {[%clk 0:09:24]} 34. Bb5 {[%clk 0:01:15]} Rc3
{[%clk 0:09:26]} 35. Bb2 {[%clk 0:00:52]} Re3 {[%clk 0:08:44]} 36. Re1
{[%clk 0:00:37]} Bf4 {[%clk 0:08:23]} 37. h3 {[%clk 0:01:04]} Rxe1+
{[%clk 0:06:52]} 38. Qxe1 {[%clk 0:01:33]} Bd2 {[%clk 0:07:14]} 39. Qf2
{[%clk 0:01:41]} Qe3 {[%clk 0:06:44]} 40. Qxe3 {[%clk 0:01:12]} Bxe3
{[%clk 0:07:11]} 41. Bc3 {[%clk 0:00:51]} f5 {[%clk 0:06:57]} 42. exf5
{[%clk 0:01:02]} Rxf5 {[%clk 0:07:24]} 43. Bxa5 {[%clk 0:01:18]} e4
{[%clk 0:07:20]} 44. Bc4 {[%clk 0:01:26]} Rf2 {[%clk 0:07:25]} 45. Bb4
{[%clk 0:00:36]} Rxa2 {[%clk 0:05:41]} 46. Bxd6 {[%clk 0:01:01]} Bb6
{[%clk 0:04:08]} 47. b4 {[%clk 0:00:34]} Rc2 {[%clk 0:04:27]} 0-1